[Event "Sozina Open"]
[Site "Bar SCG"]
[Date "2006.03.25"]
[Round "8"]
[White "Nestorovic,De"]
[Black "Antic,De"]
[Result "1/2-1/2"]
[WhiteElo "2399"]
[BlackElo "2505"]

1.d4 Nf6 2.c4 g6 3.Nc3 Bg7 4.e4 d6 5.Nf3 O-O 6.Be2 e5 7.O-O Na6 8.Re1 Qe8
9.Bf1 Bg4 10.d5 Nb4 11.Be2 a5 12.Be3 Na6 13.Nd2 Bd7 14.a3 Kh8 15.Rb1 a4 16.Nb5 Qe7
17.Qxa4 c6 18.dxc6 bxc6 19.Nc3 d5 20.Bg5 d4 21.Na2 Nc5 22.Qd1 h6 23.Bxf6 Bxf6
24.Nb4 Bg7 25.Nd3 Ne6 26.Nf3 Qd6 27.Qc1 Kh7 28.c5 Qc7 29.Bf1 f5 30.exf5 Rxf5
31.Nd2 Ng5 32.h4 Nf7 33.Ne4 Be6 34.Ng3 Rf6 35.Ne4 Rf5 36.g3 Rf8 37.b4 Bd5
38.Bg2 g5 39.hxg5 Nxg5 40.Nxg5+ Rxg5 41.Qc2 Kh8 42.Qe2 Qd7 43.b5 Bxg2 44.Kxg2 cxb5
45.Rbc1 Rgf5 46.c6 Qf7 47.Rc2 Qb3 48.Rb2 Qc4 49.Rc2 Qb3 50.Rb2 Qc4 51.Rc2  1/2-1/2

[Event "ch-ARG s/f"]
[Site "Buenos Aires ARG"]
[Date "2006.03.25"]
[Round "5"]
[White "Liascovich,L"]
[Black "Mareco,S"]
[Result "1-0"]
[WhiteElo "2432"]
[BlackElo "2289"]

1.d4 Nf6 2.c4 g6 3.Nc3 Bg7 4.Nf3 d6 5.e4 O-O 6.Be2 e5 7.Be3 h6 8.O-O Ng4
9.Bc1 Nc6 10.d5 Ne7 11.Nd2 f5 12.Bxg4 fxg4 13.b4 a5 14.bxa5 Rxa5 15.Nb3 Ra6
16.c5 g5 17.Be3 Ng6 18.cxd6 cxd6 19.Nb5 Bd7 20.a4 Qf6 21.Nd2 Rc8 22.Qb3 Nf4
23.Rfe1 Qg6 24.Na7 Rb8 25.Nc6 Bxc6 26.dxc6+ Qf7 27.c7 Rc8 28.Qxb7 Raa8 29.Bxf4 exf4
30.Rac1 g3 31.fxg3 fxg3 32.Rf1 Qe6 33.Rc4 gxh2+ 34.Kh1 Be5 35.Rb1 Bf4 36.Qxa8 Rxa8
37.Rb8+ Qc8 38.Rxa8 Qxa8 39.c8=Q+ Qxc8 40.Rxc8+  1-0

[Event "TCh-NED 2005-6"]
[Site "Netherlands NED"]
[Date "2006.03.25"]
[Round "8"]
[White "Bosboom Lanchava,T"]
[Black "Richter,Ch"]
[Result "0-1"]
[WhiteElo "2381"]
[BlackElo "2431"]

1.d4 Nf6 2.c4 g6 3.Nc3 Bg7 4.e4 d6 5.Nf3 O-O 6.Be2 Na6 7.O-O e5 8.Rb1 c6
9.Re1 Ng4 10.h3 exd4 11.Nxd4 Qb6 12.Bxg4 Bxg4 13.hxg4 Qxd4 14.Qe2 Qe5 15.Be3 Qe7
16.Qd2 Qe6 17.Bh6 Qxc4 18.Bxg7 Kxg7 19.Re3 f6 20.Rh3 Rf7 21.Qxd6 Re8 22.b3 Qc5
23.Qd2 Nc7 24.Re1 Nb5 25.Na4 Qd6 26.Rd3 Qe6 27.g5 fxg5 28.Qxg5 Qe5 29.Qd2 Rfe7
30.Nb2 Qc5 31.Nc4 Rf8 32.Rd8 Rxd8 33.Qxd8 Rf7 34.Qd2 Nd4 35.e5 Qd5 36.Qg5 Rf5
37.Qe7+ Rf7 38.Qg5 Rf5 39.Qe7+ Rf7 40.Qh4 Ne2+ 41.Kf1 Nf4 42.Qg3 Ne6 43.Nd6 Rf4
44.Ne8+ Kf7 45.Nf6 Qd4 46.Qe3 h5 47.Ne4 Ke7 48.Qxd4 Nxd4 49.g3 Rf8 50.f4 b6
51.Kg2 Nf5 52.Rc1 c5 53.b4 c4 54.Kf2 Rc8 55.a4 Ke6 56.Ng5+ Ke7 57.Rc3 a6
58.Ne4 Ke6 59.b5 Kd5 60.Nf6+ Kd4 61.Rc1 axb5 62.axb5 Ra8 63.Rd1+ Kc5 64.e6 c3
65.Ne4+ Kc4 66.Rd7 Rc8 67.Ke1 Kxb5 68.Kd1 Kc4 69.Kc1 Re8 70.Rc7+ Kd3 71.Ng5 Nxg3
72.Rd7+ Ke3 73.Kc2 Kxf4 74.Rd5 Nf5 75.Nh3+ Kg4 76.Nf2+ Kf3  0-1

[Event "ch-LTU"]
[Site "Vilnius LTU"]
[Date "2006.03.25"]
[Round "10"]
[White "Vaznonis,V"]
[Black "Savickas,A"]
[Result "0-1"]
[WhiteElo "2193"]
[BlackElo "2320"]

1.Nf3 c6 2.c4 g6 3.Nc3 Bg7 4.d4 d6 5.e4 Nf6 6.Be2 O-O 7.O-O e5 8.d5 c5 9.Ne1 Nfd7
10.a3 Qe7 11.b4 f5 12.Nd3 b6 13.bxc5 bxc5 14.Qc2 Nf6 15.f3 f4 16.g3 Nh5 17.g4 Nf6
18.Bd1 h6 19.Qg2 Nh7 20.Ba4 Nd7 21.Rb1 Rb8 22.Rxb8 Nxb8 23.Bd2 Nd7 24.Bxd7 Qxd7
25.Rb1 h5 26.h3 hxg4 27.hxg4 Ng5 28.Nf2 Bf6 29.Nh3 Nxh3+ 30.Qxh3 Kg7 31.Be1 Bd8
32.Qg2 Rh8 33.Qc2 Rh3 34.Qb2 Rh8 35.Qc2 Ba5 36.Rb5 Bb6 37.Rb2 Qd8 38.Nd1 Rh3
39.Kg2 Qh8 40.Nf2 Rg3+ 41.Kf1 Rxf3 42.Rb3 Qh1+ 43.Ke2 Rxf2+  0-1

[Event "Sozina Open"]
[Site "Bar SCG"]
[Date "2006.03.26"]
[Round "9"]
[White "Arsovic,Z"]
[Black "Cebalo,M"]
[Result "1-0"]
[WhiteElo "2417"]
[BlackElo "2501"]

1.Nf3 Nf6 2.c4 g6 3.Nc3 Bg7 4.e4 d6 5.d4 O-O 6.Be2 e5 7.Be3 Ng4 8.Bg5 f6
9.Bc1 f5 10.dxe5 Nxe5 11.exf5 Rxf5 12.Nxe5 Bxe5 13.Be3 Nc6 14.O-O Rf8 15.Qd2 Be6
16.Nd5 Qd7 17.Rad1 Rae8 18.Rfe1 Kh8 19.b4 Bg7 20.Nf4 Bg8 21.h3 a6 22.a3 Ne5
23.Nd5 b5 24.cxb5 axb5 25.Bxb5 c6 26.Nb6 Qa7 27.Bf1 Qxa3 28.f4 Nf7 29.Nd7 Nh6
30.Nxf8 Rxf8 31.Bd4 Nf5 32.Bxg7+ Kxg7 33.Ra1 Qg3 34.Rac1 Nh4 35.Rc3 Qxf4
36.Re7+ Kh6 37.Qxf4+ Rxf4 38.g3 Rf3 39.Ree3 Rxe3 40.Rxe3 Nf5 41.Rc3 Bd5 42.Bg2 Bxg2
43.Kxg2 Nd4 44.Rc4 c5 45.Rxd4  1-0

[Event "22nd Spring Festival Open"]
[Site "Budapest HUN"]
[Date "2006.03.26"]
[Round "4"]
[White "Mitscherling,A"]
[Black "Roth,Jo"]
[Result "1-0"]
[WhiteElo "2247"]
[BlackElo "2138"]

1.Nf3 Nf6 2.d4 g6 3.c4 Bg7 4.Nc3 O-O 5.e4 d6 6.Be2 Nbd7 7.O-O e5 8.Be3 exd4
9.Nxd4 Re8 10.Qc2 Nc5 11.f3 c6 12.Rfd1 Qe7 13.b4 Ne6 14.Rab1 Nh5 15.Bf1 f5
16.Qd2 fxe4 17.Nxe4 Be5 18.g3 Nxd4 19.Bxd4 Bf5 20.Re1 Bxe4 21.Rxe4 Qf6 22.f4 Qf5
23.Bd3 Bxd4+ 24.Rxd4 Qf8 25.Rd1 Nf6 26.Bc2 c5 27.Rxd6 cxb4 28.Qd4 Nh5 29.c5 Qg7
30.Qxb4 Nf6 31.Qd4 Rf8 32.Bb3+ Kh8 33.Re1 Rac8 34.Ree6 Nh5 35.Re7 Qxd4+ 36.Rxd4 Rxc5
37.Rdd7 Nf6 38.Rxb7 a5 39.Rec7 Rxc7 40.Rxc7 Ra8 41.Rc4 Ra7 42.Kg2 Ng4 43.Ra4 Kg7
44.h3 Nf6 45.Kf3 Nd7 46.Rc4 Kf6 47.Ba4 Ke7 48.Bxd7 Kxd7 49.Ke4 Kd6 50.g4 Re7+
51.Kd3 Re1 52.Ra4 Rh1 53.Rxa5 Rxh3+ 54.Ke4 Rh2 55.Ra6+ Ke7 56.a4 Re2+ 57.Kf3 Rh2
58.a5 Kf7 59.Rb6 Rh3+ 60.Ke4 h5 61.Rb7+ Ke6 62.Rb4 hxg4 63.Ra4 Rh7 64.a6 Ra7
65.Ra3 Kf6 66.Kd4 g3 67.Ke3 Ke7 68.Kf3 Kd7 69.Kxg3 Kc7 70.Kg4 Kb6 71.Ra1  1-0

[Event "TCh-CZE Extraliga 2005-6"]
[Site "Czech Rep CZE"]
[Date "2006.03.26"]
[Round "11"]
[White "Markos,J"]
[Black "Mista,A"]
[Result "1-0"]
[WhiteElo "2493"]
[BlackElo "2489"]

1.d4 d6 2.Nf3 Nf6 3.c4 Nbd7 4.Nc3 e5 5.e4 g6 6.Be2 Bg7 7.O-O O-O 8.Qc2 c6
9.d5 c5 10.Bg5 h6 11.Bh4 h5 12.a3 Bh6 13.b4 b6 14.g3 a6 15.Ng5 Qe8 16.f4 Ra7
17.f5 Nh7 18.Nxh7 Kxh7 19.g4 hxg4 20.Bxg4 Be3+ 21.Kh1 g5 22.Qd3 Bf4 23.Rxf4 exf4
24.Bxg5 Rh8 25.Bxf4 Ne5 26.Qh3+ Kg7 27.Qg3 Kf8 28.Bxe5 dxe5 29.f6 Bxg4 30.Qxg4 Rg8
31.Qh5 Qd8 32.Qxe5 Rg6 33.Rf1 Rd7 34.Qf4 cxb4 35.axb4 Rc7 36.e5 Qc8 37.e6 Ke8
38.Ne4  1-0

[Event "ch-ARG s/f"]
[Site "Buenos Aires ARG"]
[Date "2006.03.27"]
[Round "8"]
[White "Palmero,P"]
[Black "Lemos,D"]
[Result "0-1"]
[WhiteElo "2153"]
[BlackElo "2292"]

1.d4 Nf6 2.c4 d6 3.Nc3 g6 4.e4 Bg7 5.Nf3 O-O 6.Be2 Na6 7.O-O e5 8.d5 Nc5
9.Bg5 h6 10.Bxf6 Bxf6 11.b4 Nd7 12.Nd2 Bg7 13.Nb3 f5 14.c5 Nf6 15.Nd2 f4
16.Rc1 Rf7 17.cxd6 cxd6 18.Nb5 a6 19.Na3 g5 20.Rc3 g4 21.Qc2 Bd7 22.Rc1 f3
23.Bf1 fxg2 24.Bxg2 Nh5 25.Nf1 Qh4 26.Ng3 Raf8 27.Rf1 b5 28.Nxh5 Qxh5 29.Qe2 Bf6
30.f3 Bg5 31.Rf2 Bf4 32.Bh1 Rg7 33.Kf1 g3 34.Rg2 Bh3  0-1

[Event "ch-ARG s/f"]
[Site "Buenos Aires ARG"]
[Date "2006.03.27"]
[Round "8"]
[White "Peralta,Fe"]
[Black "Orsini,A"]
[Result "1/2-1/2"]
[WhiteElo "2512"]
[BlackElo "2257"]

1.d4 Nf6 2.c4 g6 3.Nc3 Bg7 4.e4 d6 5.Nf3 O-O 6.Be2 Na6 7.O-O e5 8.Be3 Ng4
9.Bg5 Qe8 10.dxe5 dxe5 11.h3 h6 12.Bd2 Nf6 13.Be3 Qe7 14.a3 c6 15.b4 Nh5
16.Re1 Qf6 17.Ra2 Nf4 18.Bf1 Rd8 19.Rd2 Rxd2 20.Nxd2 Nc7 21.Nb3 h5 22.Bxf4 exf4
23.e5 Qe7  1/2-1/2

[Event "22nd Spring Festival Open"]
[Site "Budapest HUN"]
[Date "2006.03.30"]
[Round "8"]
[White "Nguyen Huynh Minh H"]
[Black "Galyas,M"]
[Result "1/2-1/2"]
[WhiteElo "2217"]
[BlackElo "2374"]

1.d4 Nf6 2.c4 g6 3.Nc3 Bg7 4.e4 d6 5.Nf3 O-O 6.Be2 Na6 7.O-O e5 8.Be3 Ng4
9.Bg5 Qe8 10.dxe5 dxe5 11.h3 h6 12.Bd2 Nf6 13.Be3 Qe7 14.Nd5 Qd8 15.Qc1 Kh7
16.Rd1 Nxe4 17.c5 Bd7 18.Bxa6 bxa6 19.Qc2 f5 20.c6 Be6 21.Nb6 axb6 22.Rxd8 Raxd8
23.a3 Nd6 24.Rd1 Nc4 25.Rxd8 Rxd8 26.Bg5 Rd6 27.Be7 Rxc6 28.b3 Na5 29.Qd1 Nxb3
30.Qd8 e4 31.Bf6 exf3 32.Qe7 Bf7 33.Qxf7 Rxf6 34.Qxb3 fxg2 35.Qc4 c5 36.Qxa6 g5
37.Kxg2 h5 38.Qd3 Kh6 39.Kg3 g4 40.hxg4 hxg4 41.Kf4 Kg6 42.Qd5  1/2-1/2

[Event "22nd Spring Festival Open"]
[Site "Budapest HUN"]
[Date "2006.03.30"]
[Round "8"]
[White "Gonda,L"]
[Black "Roth,Jo"]
[Result "1/2-1/2"]
[WhiteElo "2443"]
[BlackElo "2138"]

1.d4 Nf6 2.c4 g6 3.Nc3 Bg7 4.e4 O-O 5.Nf3 d6 6.Be2 e5 7.O-O c6 8.Qc2 exd4
9.Nxd4 Re8 10.Rd1 Na6 11.Be3 Qe7 12.f3 d5 13.cxd5 cxd5 14.Bxa6 bxa6 15.Nc6 Qb7
16.Nxd5 Nxd5 17.Rxd5 Be6 18.Rc5 Qxb2 19.Qxb2 Bxb2 20.Rb1 Bg7 21.Rc2 h5 22.Rb7 Kh7
23.Bd4 Bf8 24.Bf6 Rec8 25.a4 Bd6 26.Rc3 Rc7 27.Rxc7 Bxc7 28.a5 Bf4 29.Be5 Bd2
30.Rd3 Bh6 31.Nd4 Rd8 32.Rc3 Bd7 33.f4 Rc8 34.Rb3 Rc4 35.Nf3 Bb5 36.Ng5+ Kg8  1/2-1/2

[Event "TCh-FRA Top 16 Gp B"]
[Site "Gonfreville FRA"]
[Date "2006.03.30"]
[Round "4"]
[White "Spielmann,Al"]
[Black "Gallagher,Jo"]
[Result "0-1"]
[WhiteElo "2284"]
[BlackElo "2531"]

1.Nf3 Nf6 2.c4 g6 3.Nc3 Bg7 4.e4 d6 5.d4 O-O 6.Be2 e5 7.O-O Na6 8.Be3 c6
9.d5 Ng4 10.Bg5 f6 11.Bh4 c5 12.Ne1 Nh6 13.Nd3 Nf7 14.a3 Bd7 15.b4 b6 16.bxc5 Nxc5
17.Nxc5 bxc5 18.Rb1 Qa5 19.Rb3 Rab8 20.Qc2 f5 21.f3 Bh6 22.Bf2 Rxb3 23.Qxb3 Bd2
24.Nb1 fxe4 25.fxe4 Bf4 26.Bh4 Bg5 27.Qg3 Bf4 28.Qb3 Qa4 29.Qc3 Qa6 30.Qd3  0-1

[Event "FSGM April"]
[Site "Budapest HUN"]
[Date "2006.04.06"]
[Round "6"]
[White "Morrison,G SCO"]
[Black "Ilincic,Z"]
[Result "0-1"]
[WhiteElo "2326"]
[BlackElo "2545"]

1.Nf3 Nf6 2.c4 g6 3.Nc3 Bg7 4.d4 O-O 5.e4 d6 6.Be2 e5 7.O-O Nh5 8.g3 Bh3
9.Re1 exd4 10.Nxd4 Nf6 11.Bg5 h6 12.Be3 Re8 13.f3 Kh7 14.Qc2 c6 15.Rad1 Nbd7
16.Bf2 Qe7 17.b4 a5 18.a3 axb4 19.axb4 Ra3 20.Nb1 Ra1 21.Nc3 Rxd1 22.Rxd1 Ra8
23.Qd2 Ne5 24.Nc2 Nfd7 25.f4 Ng4 26.Bd4 Ndf6 27.Bf3 c5 28.Nd5 Nxd5 29.Bxg7 Kxg7
30.cxd5 cxb4 31.Qxb4 Qf6 32.Nd4 Ra2 33.Rd2 Ra1+ 34.Rd1 Ne5 35.Be2 Nd3 36.Qc3 Rxd1+
37.Bxd1 Nc5 38.Bf3 Kh7 39.Kf2 Qe7 40.Qc2 h5 41.e5 dxe5 42.fxe5 Nd7 43.e6 fxe6
44.dxe6 Nc5 45.Bxh5 Qf6+ 46.Ke1 Qe5+ 47.Qe2 Qxh5 48.e7 Qxe2+ 49.Kxe2 Bd7
50.Kd2 Kg7 51.Kc3 Kf6 52.Kc4 Ne6  0-1

[Event "FSIM April"]
[Site "Budapest HUN"]
[Date "2006.04.07"]
[Round "7"]
[White "Toth,Li"]
[Black "Solomons,D"]
[Result "1/2-1/2"]
[WhiteElo "2229"]
[BlackElo "2226"]

1.d4 Nf6 2.c4 g6 3.Nc3 Bg7 4.e4 d6 5.Nf3 O-O 6.Be2 Nbd7 7.O-O e5 8.Qc2 Re8
9.d5 c5 10.dxc6 bxc6 11.Rd1 Qc7 12.b3 a6 13.Ba3 c5 14.Rac1 Rb8 15.Nd2 Nf8
16.Nd5 Qa5 17.Bb2 Ne6 18.a3 Bd7 19.Bc3 Qd8 20.Rb1 a5 21.Nf3 Nd4 22.Bxd4 exd4
23.Nd2 Bh6 24.Bd3 Nxd5  1/2-1/2

[Event "V Open"]
[Site "Dos Hermanas ESP"]
[Date "2006.04.07"]
[Round "9"]
[White "Krivoshey,S"]
[Black "Castellanos,R"]
[Result "1/2-1/2"]
[WhiteElo "2553"]
[BlackElo "2467"]

1.Nf3 Nf6 2.d4 g6 3.c4 Bg7 4.Nc3 O-O 5.e4 d6 6.Be2 e5 7.O-O Na6 8.Be3 c6
9.d5 Ng4 10.Bg5 f6 11.Bh4 c5 12.Ne1 Nh6 13.Nd3 g5 14.Bg3 f5 15.exf5 Nxf5
16.Ne1 Nc7 17.Nc2 Ne8 18.Ne4 h6 19.Ne3 Nf6 20.Bd3 Nd4 21.Rb1 a5 22.b3 Nxe4
23.Bxe4 Bd7 24.a3 Qb6 25.Qd3 Rf6 26.f3 Raf8 27.Bf2 Qc7 28.Nc2 Nf5 29.b4 axb4
30.axb4 b6 31.bxc5 bxc5 32.g4 Ne7 33.h4 gxh4 34.Bxh4 R6f7 35.Bxe7 Rxe7 36.Ne3 Rf4
37.Bf5  1/2-1/2

[Event "XXIX Open"]
[Site "Donostia San Sebastian ESP"]
[Date "2006.04.08"]
[Round "1"]
[White "Iglesias Gonzalez,V"]
[Black "Petrov,Marij"]
[Result "0-1"]
[WhiteElo "1746"]
[BlackElo "2427"]

1.d4 g6 2.c4 Bg7 3.Nf3 Nf6 4.Nc3 O-O 5.e4 d6 6.Be2 e5 7.dxe5 dxe5 8.Nxe5 Qxd1+
9.Bxd1 Nxe4 10.Nxe4 Bxe5 11.O-O Nc6 12.Nc3 Bf5 13.Re1 Rfe8 14.Bd2 Rad8 15.Be3 Nb4
16.f4 Bd4 17.Nd5 Nxd5 18.Bxd4 Rxe1+ 19.Kf2 Re4 20.Be5 Nxf4 21.Bxc7 Rd2+ 22.Kf1 Rxc4
23.Ba5 Rxg2 24.Ke1 Bd3  0-1

[Event "ch-DEN"]
[Site "Aalborg DEN"]
[Date "2006.04.10"]
[Round "3"]
[White "Pedersen,Stef"]
[Black "Bekker Jensen,S"]
[Result "1/2-1/2"]
[WhiteElo "2446"]
[BlackElo "2393"]

1.d4 Nf6 2.c4 g6 3.Nc3 Bg7 4.e4 d6 5.Nf3 O-O 6.Be2 e5 7.O-O Na6 8.Be3 c6
9.d5 Ng4 10.Bg5 f6 11.Bh4 c5 12.Ne1 h5 13.Nc2 Qe7 14.a3 Nh6 15.f3 Nf7 16.b4 Bh6
17.bxc5 Nxc5 18.Kh1 Bd7 19.Nb4 Be3 20.Nc2 Bh6 21.Nb4 Be3 22.Nc2  1/2-1/2

[Event "ch-DEN Gladiator"]
[Site "Aalborg DEN"]
[Date "2006.04.10"]
[Round "3"]
[White "Pedersen,Stef"]
[Black "Bekker Jensen,S"]
[Result "1-0"]
[WhiteElo "2446"]
[BlackElo "2393"]

1.d4 Nf6 2.c4 g6 3.Nc3 Bg7 4.e4 d6 5.Nf3 O-O 6.Be2 e5 7.O-O Na6 8.Be3 c6
9.d5 Ng4 10.Bg5 f6 11.Bh4 c5 12.Ne1 h5 13.h3 Nh6 14.a3 Nf7 15.Nd3 Bh6 16.b4 b6
17.Rb1 Bf4 18.Bg3 Bxg3 19.fxg3 f5 20.exf5 Bxf5 21.g4 hxg4 22.hxg4 Bd7 23.Ne4 Kg7
24.Qd2 Rh8 25.bxc5 Nxc5 26.Ndxc5 dxc5 27.Qc3 Qe7 28.Rxf7+ Kxf7 29.d6 Qe8
30.Ng5+ Kg7 31.Bf3 Rd8 32.Re1 Kf6 33.Ne4+ Kg7 34.Nxc5 bxc5 35.Rxe5 Qf8 36.Re7+ Kh6
37.Qe5 g5 38.Qh2+ Kg6 39.Be4+ Kf6 40.Qe5+  1-0

[Event "CCF Easter"]
[Site "Coulsdon ENG"]
[Date "2006.04.10"]
[Round "3"]
[White "Lukman,R"]
[Black "Gormally,D"]
[Result "1/2-1/2"]
[WhiteElo "2265"]
[BlackElo "2554"]

1.Nf3 Nf6 2.c4 g6 3.Nc3 Bg7 4.e4 d6 5.d4 O-O 6.Be2 e5 7.dxe5 dxe5 8.Qxd8 Rxd8
9.Nd5 Nxd5 10.cxd5 c6 11.Bc4 cxd5 12.Bxd5 Nd7 13.h4 h6 14.h5 g5 15.Bxg5 hxg5
16.Nxg5 Nb6 17.h6 Nxd5 18.hxg7 Kxg7 19.exd5 Rxd5 20.Rc1 Bd7 21.Rc7 Kg6 22.Ne4 Bc6
23.Rh3 Rd4 24.Rg3+ Kf5 25.Nc3 f6 26.Rcg7 Rb4 27.Nd1 Rh8 28.Rd3 Ke6 29.f3 Rh1+
30.Kd2 Rg1 31.b3 Rf4 32.Rg3 Bb5 33.Rd8 Rd4+ 34.Rxd4 exd4 35.Rg4 Kd5 36.Nb2 Ra1
37.a4 Bf1 38.Rf4 Bxg2 39.Rxf6 Rf1 40.Rf7 Rxf3 41.Rxb7 Rf2+ 42.Kc1 Be4 43.Rc7 Rf1+
44.Kd2 Rb1 45.Nd3  1/2-1/2

[Event "Open NOR-ch"]
[Site "Oslo NOR"]
[Date "2006.04.10"]
[Round "3"]
[White "Ekeberg,C"]
[Black "Van der Weide,K"]
[Result "1/2-1/2"]
[WhiteElo "2272"]
[BlackElo "2482"]

1.Nf3 Nf6 2.c4 g6 3.Nc3 Bg7 4.d4 d6 5.e4 O-O 6.Be2 e5 7.Be3 Na6 8.O-O Ng4
9.Bg5 Qe8 10.dxe5 dxe5 11.h3 f6 12.Bd2 Nh6 13.Be3 Nf7 14.Nd2 f5 15.exf5 gxf5
16.f4 Be6 17.Qe1 Rd8 18.Qg3 Kh8 19.Rad1 Rg8 20.Qh4 Nb4 21.fxe5 Nc2 22.Bf2 Nxe5
23.Nf3 Rxd1 24.Rxd1 Ng6 25.Qg5 f4 26.Nd4 Nxd4 27.Bxd4 Qf7 28.Bxg7+ Qxg7 29.Rd8 Qe5
30.Rxg8+ Kxg8 31.Qxe5 Nxe5 32.b3 Kf8 33.Kf2 c6 34.Bf3 Bf5 35.Be4 Bxe4 36.Nxe4 Ke7
37.Ke2 b6 38.Nf2 Ke6 39.Nd3 Nxd3 40.Kxd3 Ke5 41.Ke2 Ke4 42.h4 b5 43.cxb5 cxb5
44.b4 Kf5 45.Kd3 Ke5 46.Kd2 Kd4 47.Ke2 Ke4 48.h5 h6 49.Kf2 Ke5 50.Ke2 Kf6
51.Kd3 Ke5 52.Ke2 Kf6 53.Kd3  1/2-1/2

[Event "4th V.Nabokov Mem"]
[Site "Kyiv UKR"]
[Date "2006.04.12"]
[Round "11"]
[White "Koziak,V"]
[Black "Pavlov,S2"]
[Result "1-0"]
[WhiteElo "2462"]
[BlackElo "2451"]

1.d4 Nf6 2.c4 g6 3.Nc3 Bg7 4.e4 d6 5.Nf3 O-O 6.Be2 e5 7.O-O exd4 8.Nxd4 Re8
9.f3 Nc6 10.Be3 Nh5 11.Qd2 Nxd4 12.Bxd4 Nf4 13.Rfd1 Nxe2+ 14.Qxe2 Bxd4+ 15.Rxd4 Qf6
16.Qd2 Be6 17.Nd5 Bxd5 18.cxd5 Qg7 19.Rc1 Re7 20.Rb4 b6 21.Rbc4 Rc8 22.Rc6 Qe5
23.Qc3 Qxc3 24.R1xc3 Rd7 25.Kf2 Kf8 26.Ra3 Ra8 27.Rc4 a5 28.b4 b5 29.Rc6 a4
30.Ke3 Re7 31.Rac3 Ra7 32.Kd4 Ke8 33.a3 Kd7 34.f4 f6 35.h4 h6 36.Re3 Ra8
37.e5 fxe5+ 38.fxe5 dxe5+ 39.Kc5  1-0

[Event "Foxwoods Open"]
[Site "Ledyards USA"]
[Date "2006.04.12"]
[Round "1"]
[White "Bercys,S"]
[Black "Airapetian,C"]
[Result "1-0"]
[WhiteElo "2360"]
[BlackElo "2130"]

1.d4 Nf6 2.Nf3 g6 3.c4 Bg7 4.Nc3 O-O 5.e4 d6 6.Be2 e5 7.O-O Na6 8.Be3 Ng4
9.Bg5 f6 10.Bh4 h5 11.h3 Nh6 12.Bg3 Qe8 13.d5 f5 14.exf5 Nxf5 15.Bd3 Nc5
16.Re1 a5 17.Bh2 Bd7 18.Ne4 b6 19.Bc2 Qc8 20.b3 Kh8 21.Rb1 Bh6 22.a3 Ne7
23.Nxe5 Nxe4 24.Bxe4 dxe5 25.Bxe5+ Bg7 26.Qd4 Rf7 27.d6 Nc6 28.Bxc6 Bxc6
29.Bxg7+ Rxg7 30.Re7 Qf8 31.Rxc7 Be8 32.Re1 Kg8 33.Rxg7+ Qxg7 34.Qd5+ Kh7
35.Qxa8 Qc3 36.Qxe8  1-0

[Event "Foxwoods Open"]
[Site "Ledyards USA"]
[Date "2006.04.12"]
[Round "1"]
[White "Van Wely,L"]
[Black "Atoufi,P"]
[Result "1-0"]
[WhiteElo "2655"]
[BlackElo "2295"]

1.d4 Nf6 2.c4 g6 3.Nc3 Bg7 4.e4 d6 5.Nf3 O-O 6.Be2 Na6 7.O-O e5 8.Be3 Ng4
9.Bg5 Qe8 10.Re1 exd4 11.Nxd4 Qe5 12.Nf3 Qc5 13.Bh4 Bxc3 14.bxc3 Ne5 15.Bf6 Nb8
16.Nxe5 dxe5 17.Qd5 Qxd5 18.cxd5 Re8 19.Bg5 b6 20.Bb5 Bd7 21.Bf1 Ba4 22.Rab1 a5
23.d6 cxd6 24.Rxb6 Nc6 25.f3 Reb8 26.Reb1 Kf8 27.Rb7 Rxb7 28.Rxb7 Ra7 29.Rb6 f5
30.Bd3 f4 31.Bc4 Rc7 32.Bh6+ Ke7 33.Bg8 Kf6 34.h4 Ra7 35.Bd5 Rc7 36.Bf8 g5
37.Bxd6 Rc8 38.h5 g4 39.fxg4 Kg5 40.c4 Kh4 41.Kf2  1-0

[Event "Foxwoods Open"]
[Site "Ledyards USA"]
[Date "2006.04.12"]
[Round "1"]
[White "Golod,V"]
[Black "Markzon,G"]
[Result "1-0"]
[WhiteElo "2571"]
[BlackElo "2231"]

1.d4 Nf6 2.c4 g6 3.Nc3 Bg7 4.e4 d6 5.Nf3 O-O 6.Be2 e5 7.O-O exd4 8.Nxd4 Re8
9.f3 c6 10.Kh1 Nh5 11.Be3 f5 12.Qd2 f4 13.Bf2 Be5 14.Rfd1 Na6 15.Nb3 Be6
16.Nc1 Qf6 17.Nd3 Ng3+ 18.Kg1 Nxe2+ 19.Nxe2 g5 20.Rac1 Rf8 21.b4 g4 22.b5 Nc7
23.bxc6 bxc6 24.Kh1 Bf7 25.Nexf4 gxf3 26.gxf3 Bh5 27.Rg1+ Kh8 28.Rg3 Bf7
29.Nxe5 dxe5 30.Nd3 Rad8 31.Qc3 Bg6 32.Nxe5  1-0

[Event "XXXVII Open"]
[Site "Mar del Plata ARG"]
[Date "2006.04.12"]
[Round "6"]
[White "Saralegui,M"]
[Black "Goldwaser,C"]
[Result "0-1"]
[WhiteElo "2196"]
[BlackElo "2308"]

1.d4 Nf6 2.c4 g6 3.Nc3 Bg7 4.e4 d6 5.Nf3 O-O 6.Be2 e5 7.Be3 Ng4 8.Bg5 f6
9.Bh4 Nc6 10.d5 Ne7 11.Nd2 Nh6 12.f3 f5 13.Qc2 fxe4 14.fxe4 Ng4 15.Bxg4 Bxg4
16.h3 Bd7 17.O-O-O Rf4 18.Nf3 h6 19.Bg3 Rf7 20.Kb1 g5 21.Ka1 Ng6 22.Ne2 Qe7
23.Rhf1 Nf4 24.Nxf4 exf4 25.Bf2 h5 26.h4 g4 27.Ng5 Rff8 28.Bd4 Bxd4 29.Rxd4 Qe5
30.Qd2 Rae8 31.Ne6 Bxe6 32.dxe6 Rxe6 33.Rd5 Qxe4 34.Rg5+ Kf7 35.a3 Ke7 36.Rxh5 Qe2
37.Rh7+ Kd8 38.Qc1 f3 39.gxf3 gxf3 40.Qg5+ Kc8 41.Rb1 Qe5 42.Qd2 f2  0-1

[Event "32nd ch-IND w"]
[Site "Visakhapatnam IND"]
[Date "2006.04.12"]
[Round "11"]
[White "Mohota,N"]
[Black "Iswarya,S"]
[Result "1-0"]
[WhiteElo "2318"]
[BlackElo "2150"]

1.d4 Nf6 2.c4 g6 3.Nc3 Bg7 4.e4 d6 5.Nf3 O-O 6.Be2 e5 7.Be3 Ng4 8.Bg5 f6
9.Bc1 Nc6 10.d5 Ne7 11.h3 Nh6 12.h4 f5 13.Ng5 f4 14.h5 Nf7 15.Nxh7 Kxh7 16.hxg6+ Kxg6
17.Bh5+ Kf6 18.Bxf4 Ng8 19.Bxf7 Kxf7 20.Qh5+ Ke7 21.Bg5+ Nf6 22.Qg6 Rf7 23.Rh7 Qf8
24.Nb5 Bh8 25.O-O-O Rxh7 26.Qxh7+ Bg7 27.Rd3 Bd7 28.Rf3 Qf7 29.Qh1 Rh8 30.Qe1 Bxb5
31.cxb5 Bh6 32.Bxh6 Rxh6 33.Qa5 Kd7 34.Qa4 b6 35.Qc4 Qh7 36.Qc6+ Kd8 37.Qa8+ Ke7
38.Rf5 Rh1+ 39.Kc2 Qh6 40.Qc8 Qc1+ 41.Kb3 Qd1+ 42.Ka3 Nd7 43.Qg8 Nf6 44.Qe6+ Kd8
45.Qxf6+ Kc8 46.Qe6+ Kb7  1-0

[Event "1st IM"]
[Site "Edmonton CAN"]
[Date "2006.04.13"]
[Round "1"]
[White "Haessel,D"]
[Black "Gentes,K"]
[Result "1/2-1/2"]
[WhiteElo "2183"]
[BlackElo "2303"]

1.d4 Nf6 2.c4 g6 3.Nc3 Bg7 4.e4 O-O 5.Nf3 d6 6.Be2 e5 7.d5 a5 8.Bg5 Na6 9.Nd2 h5
10.a3 Bd7 11.O-O Qc8 12.Rb1 Nh7 13.Be3 h4 14.Qc2 Qe8 15.b4 f5 16.exf5 gxf5
17.f3 h3 18.g3 f4 19.Bf2 fxg3 20.hxg3 axb4 21.axb4 h2+ 22.Kg2 Rf6 23.Be3 Bh6
24.Qd3 Bxe3 25.Qxe3 Kg7 26.Rh1 Rh6 27.g4 Qe7 28.Nf1 Ng5 29.Rxh2 Rxh2+ 30.Nxh2 Rh8
31.Bd3 Nh3 32.Ne2 Qh4 33.Nf1 Ng5 34.Neg3 Rf8 35.Bf5 Bxf5 36.Nxf5+ Rxf5 37.gxf5 Nh3
38.Nh2 Nf4+ 39.Kh1 Nh3 40.f4 Nf2+ 41.Kg2 Qxh2+ 42.Kxh2 Ng4+ 43.Kg3 Nxe3 44.fxe5 dxe5
45.b5 Nc5 46.b6 cxb6 47.Rxb6 Nxc4 48.Rb5 b6 49.Rb4 Nd6 50.Rxb6 Nce4+ 51.Kg4 Nf6+
52.Kf3 e4+ 53.Ke2 Nxf5 54.d6 Kf7 55.Rb4 Nxd6 56.Rxe4 Nfxe4  1/2-1/2

[Event "Foxwoods Open"]
[Site "Ledyards USA"]
[Date "2006.04.13"]
[Round "3"]
[White "Enhbat,T"]
[Black "Braunlich,T"]
[Result "1/2-1/2"]
[WhiteElo "2383"]
[BlackElo "2178"]

1.d4 Nf6 2.Nf3 g6 3.c4 Bg7 4.Nc3 O-O 5.e4 d6 6.Be2 e5 7.Be3 exd4 8.Nxd4 Re8
9.f3 c6 10.Bf2 d5 11.exd5 cxd5 12.O-O Nc6 13.c5 Bf8 14.Kh1 Be6 15.Bb5 Rc8
16.Qd2 Nd7 17.Bxc6 bxc6 18.b4 Ne5 19.Qc2 Qf6 20.Na4 Bf5 21.Nxf5 Qxf5 22.Qxf5 gxf5
23.Nb2 Rb8 24.Bd4 Bg7 25.a3 a5 26.f4 Nc4 27.Bxg7 Kxg7 28.Nxc4 dxc4 29.Rab1 Re3
30.Rf3 Rxf3 31.gxf3 axb4 32.axb4 c3 33.Kg2 c2 34.Rc1 Rxb4 35.Rxc2 Rxf4 36.Kg3 Rb4
37.Kh3 Rf4 38.Kg3 Rd4 39.Rc3 Kf6 40.f4 Ke6 41.Re3+ Kf6 42.Rc3 Ke6 43.Re3+ Kd7
44.Rc3 Ke6  1/2-1/2

[Event "LII Nacional Abierto"]
[Site "Mexico City MEX"]
[Date "2006.04.13"]
[Round "4"]
[White "Garmendez,F"]
[Black "Reyes Najera,C"]
[Result "1-0"]
[WhiteElo "2305"]
[BlackElo "2170"]

1.d4 Nf6 2.c4 g6 3.Nc3 Bg7 4.e4 d6 5.Be2 O-O 6.Nf3 e5 7.d5 Nh5 8.Nd2 Nf4
9.Bf1 a5 10.h4 Na6 11.g3 Nh5 12.Be2 Nf6 13.g4 Bd7 14.g5 Ne8 15.Nf1 f5 16.gxf6 Nxf6
17.h5 Qe8 18.Ng3 c6 19.dxc6 Bxc6 20.hxg6 Qxg6 21.Be3 Nc5 22.Qc2 Ne6 23.O-O-O Nd4
24.Qd2 Nd7 25.Rdg1 Nc5 26.Bd1 Qf7 27.Rh2 Rfe8 28.Bh6 Bh8 29.Nd5 Re6 30.Bg5 Bg7
31.Rgh1 b5 32.Bh6 Ra7 33.Bxg7 Qxg7  1-0

[Event "32nd ch-IND w"]
[Site "Visakhapatnam IND"]
[Date "2006.04.13"]
[Round "13"]
[White "Karavade,E"]
[Black "Iswarya,S"]
[Result "1-0"]
[WhiteElo "2332"]
[BlackElo "2150"]

1.d4 Nf6 2.c4 g6 3.Nc3 Bg7 4.Nf3 d6 5.e4 O-O 6.Be2 e5 7.Be3 Ng4 8.Bg5 f6
9.Bh4 Nc6 10.d5 Ne7 11.Nd2 h5 12.h3 Nh6 13.g4 g5 14.Bg3 h4 15.Bh2 c5 16.a3 Bd7
17.b4 b6 18.f3 a6 19.Bg1 Qc7 20.Be3 Rfb8 21.O-O Nf7 22.Qc2 Rb7 23.Rfb1 Rab8
24.Rb2 Nc8 25.a4 cxb4 26.Rxb4 a5 27.Rb3 Be8 28.Rab1 Nd8 29.R1b2 Bf8 30.Qb1 Kh8
31.Bf2 Kg8 32.Nf1 Kh8 33.Ne3 Kg8 34.Nf5 Kh8 35.Nb5 Qd7 36.Kg2 Kg8 37.Nc3 Qc7
38.c5 bxc5 39.Rxb7 Rxb7 40.Rxb7 Nxb7 41.Ba6 Nd8 42.Nb5 Bxb5 43.Qxb5 Na7 44.Qe8 Nf7
45.Qe6 Qd8 46.Bc4 Nc8 47.Bb5 Qc7 48.Qxf6 Ne7 49.Ne3 Bg7 50.Qe6 Kf8 51.Nc4 Qd8
52.Be1 Qc8 53.Bxa5 Qb8 54.Bb6 Nd8 55.Qxd6  1-0

[Event "44th Doeberl Cup"]
[Site "Canberra AUS"]
[Date "2006.04.14"]
[Round "1"]
[White "Ayvazyan,A"]
[Black "Ly,T"]
[Result "1-0"]
[WhiteElo "2265"]
[BlackElo "2051"]

1.c4 Nf6 2.Nc3 g6 3.e4 d6 4.d4 Bg7 5.Be2 O-O 6.Nf3 e5 7.O-O Na6 8.Re1 Qe8
9.Bf1 Bg4 10.d5 Nh5 11.h3 Bd7 12.Rb1 f5 13.b4 Nf4 14.exf5 Rxf5 15.g3 Nh5
16.g4 Rxf3 17.Qxf3 Nf6 18.Ne4 Nxe4 19.Qxe4 Qe7 20.Be3 Qh4 21.Qg2 Rf8 22.c5 e4
23.c6 bxc6 24.dxc6  1-0